000
00298nam a22001337a 4500
020
_a
0-7214-1525-3
082
_a
823
_b
COR/S
100
_a
CORBY, JILL
245
_a
SAY THE SOUNDS PHONIC READING SCHEME
260
_a
UK
_b
LADYBIRD
300
_a
43
650
_a
ENGLISH SHORT STORY
_z
UK
942
_c
BK
999
_c
4819
_d
4819